[Event "NATO-ch 33rd"]
[Site "Portoroz"]
[Date "2023.09.05"]
[Round "2"]
[White "Brusokas, Eduardas"]
[Black "Hansen, Stefan"]
[Result "0-1"]
[WhiteElo "1922"]
[BlackElo "2127"]
[PlyCount "88"]
[EventDate "2023.09.04"]
[EventType "swiss"]
[EventRounds "7"]
[EventCountry "SLO"]
[SourceTitle "EXT 2024"]
[Source "ChessBase"]
[SourceDate "2023.10.10"]
[SourceVersion "1"]
[SourceVersionDate "2023.10.10"]
[SourceQuality "1"]

1. e4 e6 2. d4 d5 3. Nd2 Nc6 4. c3 e5 5. exd5 Qxd5 6. Ngf3 exd4 7. Bc4 Qh5 8. cxd4 Nf6 9. 0-0 Be7 10. Re1 0-0 11. a3 Bd6 12. b4 Nxd4 13. h3 Nxf3+ 14. Nxf3 Bd7 15. Qb3 Rae8 16. Bb2 Qg6 17. Kf1 Bc6 18. b5 Be4 19. Bd4 Nh5 20. Bd5 Bxd5 21. Qxd5 Qxg2+ 22. Kxg2 Nf4+ 23. Kf1 Nxd5 24. a4 Nb4 25. Rec1 Nd3 26. Rc2 Nf4 27. h4 f6 28. Rd1 Re4 29. Bxa7 Rxa4 30. Be3 Rb4 31. b6 Ne6 32. bxc7 Bxc7 33. Rd7 Rf7 34. Rd1 h5 35. Rd5 Rb1+ 36. Ke2 g6 37. Nd2 Rh1 38. Rc4 Kg7 39. Rb4 Be5 40. Nf3 Bb8 41. Rb6 Nf4+ 42. Bxf4 Bxf4 43. Rdb5 Re7+ 44. Kd3 Rh3 0-1

[Event "NATO-ch 31st"]
[Site "Blankenberge"]
[Date "2021.10.12"]
[Round "3.18"]
[White "Hansen, Stefan"]
[Black "Moga, Christoph"]
[Result "1-0"]
[WhiteElo "2112"]
[BlackElo "1921"]
[PlyCount "51"]
[EventDate "2021.10.11"]
[EventType "team-swiss"]
[EventRounds "7"]
[EventCountry "BEL"]
[SourceTitle "CBM 204 Extra"]
[Source "ChessBase"]
[SourceDate "2021.11.30"]
[SourceVersion "1"]
[SourceVersionDate "2021.11.30"]
[SourceQuality "1"]
[WhiteTeam "Denmark"]
[BlackTeam "Belgium"]
[WhiteTeamCountry "DEN"]
[BlackTeamCountry "BEL"]

1. d4 e6 2. Nf3 f5 3. Bf4 Nf6 4. h3 d6 5. e3 Be7 6. Bd3 Nc6 7. c3 0-0 8. Nbd2 Qe8 9. Qe2 Kh8 10. 0-0-0 Bd8 11. Bh2 e5 12. dxe5 dxe5 13. Bb5 e4 14. Ne5 a6 15. Nxc6 axb5 16. Nxd8 Rxa2 17. Nb1 c6 18. Rd6 Qe7 19. Rhd1 Nd5 20. Nxc6 bxc6 21. Rxc6 Bb7 22. Rd6 Qc7 23. Qxb5 Ra5 24. Qd7 Qc4 25. Be5 Rg8 26. Qxg7+ 1-0

[Event "NATO-ch 30th"]
[Site "Berlin"]
[Date "2019.09.17"]
[Round "3.4"]
[White "Hansen, Stefan"]
[Black "Papasimakopoulos, Alexandros"]
[Result "0-1"]
[WhiteElo "2120"]
[BlackElo "2218"]
[PlyCount "96"]
[EventDate "2019.09.14"]
[EventType "team-swiss"]
[EventRounds "7"]
[EventCountry "GER"]
[SourceTitle "EXT 2020"]
[Source "ChessBase"]
[SourceDate "2019.10.17"]
[SourceVersion "1"]
[SourceVersionDate "2019.10.17"]
[SourceQuality "1"]
[WhiteTeam "Denmark"]
[BlackTeam "Greece"]
[WhiteTeamCountry "DEN"]
[BlackTeamCountry "GRE"]

1. d4 Nf6 2. Nf3 e6 3. Bg5 c5 4. e3 Qb6 5. Nbd2 d5 6. Rb1 Nc6 7. c3 h6 8. Bh4 Be7 9. Bd3 0-0 10. 0-0 Re8 11. Qe2 Nd7 12. Bxe7 Rxe7 13. b4 c4 14. Bc2 f5 15. Ba4 e5 16. Nxc4 dxc4 17. Qxc4+ Kh7 18. Bb3 Nf6 19. b5 Be6 20. Qe2 e4 21. Bxe6 Rxe6 22. bxc6 exf3 23. Qxf3 Qxc6 24. Qxf5+ Kh8 25. Rxb7 Qxb7 26. Qxe6 Qb2 27. Qc6 Rf8 28. h3 Qxa2 29. c4 Qc2 30. Qc5 Rf7 31. f3 Qe2 32. Qc8+ Ng8 33. Rb1 Qxe3+ 34. Kh1 Re7 35. d5 Re8 36. Qf5 Qd4 37. Rb7 Nf6 38. Rc7 g6 39. Qxg6 Re1+ 40. Kh2 Qf4+ 41. Qg3 Rh1+ 42. Kxh1 Qxg3 43. Rxa7 Qe1+ 44. Kh2 Qe5+ 45. Kh1 Nh5 46. Ra2 Ng3+ 47. Kh2 Qf4 48. Ra6 Ne2+ 0-1

[Event "NATO-ch 30th"]
[Site "Berlin"]
[Date "2019.09.16"]
[Round "1.25"]
[White "Smit, Jan"]
[Black "Hansen, Stefan"]
[Result "0-1"]
[WhiteElo "1808"]
[BlackElo "2120"]
[PlyCount "42"]
[EventDate "2019.09.14"]
[EventType "team-swiss"]
[EventRounds "7"]
[EventCountry "GER"]
[SourceTitle "EXT 2020"]
[Source "ChessBase"]
[SourceDate "2019.10.17"]
[SourceVersion "1"]
[SourceVersionDate "2019.10.17"]
[SourceQuality "1"]
[WhiteTeam "NATO IV"]
[BlackTeam "Denmark"]
[BlackTeamCountry "DEN"]

1. d4 d5 2. Nf3 Nf6 3. Bg5 Qd6 4. c3 Ne4 5. Bh4 Qh6 6. Nbd2 g5 7. Bg3 Nxg3 8. fxg3 g4 9. Nh4 e5 10. e4 Be7 11. Nf5 Bxf5 12. exf5 exd4 13. cxd4 Nc6 14. Bb5 Rg8 15. Qe2 0-0-0 16. Bxc6 Qxc6 17. 0-0 Bg5 18. Qd3 Qh6 19. Nb3 Be3+ 20. Kh1 Rd6 21. Rae1 Qxh2+ 0-1

[Event "NATO-ch 29th"]
[Site "Lubbock"]
[Date "2018.06.07"]
[Round "6"]
[White "Hansen, Stefan"]
[Black "Kersic, Matej"]
[Result "1-0"]
[WhiteElo "2047"]
[BlackElo "2119"]
[PlyCount "138"]
[EventDate "2018.06.04"]
[EventType "swiss"]
[EventRounds "7"]
[EventCountry "USA"]
[SourceTitle "EXT 2019"]
[Source "ChessBase"]
[SourceDate "2018.10.10"]
[SourceVersion "1"]
[SourceVersionDate "2018.10.10"]
[SourceQuality "1"]

1. Nf3 d5 2. d4 c6 3. c4 Nf6 4. Qc2 dxc4 5. Qxc4 Bf5 6. e3 h6 7. g3 e6 8. Bg2 Be7 9. 0-0 0-0 10. Qe2 Nbd7 11. Rd1 Qc7 12. Nc3 Ne4 13. Nd2 Nxc3 14. bxc3 Rac8 15. e4 Bg6 16. Nc4 Rfe8 17. Bf4 Qd8 18. Nd6 Bxd6 19. Bxd6 Nf6 20. e5 Nd5 21. Rac1 Qd7 22. c4 Ne7 23. Qb2 Nf5 24. c5 Ne7 25. Rc3 Nd5 26. Rb3 b5 27. a4 b4 28. Rxb4 Nxb4 29. Qxb4 Ra8 30. Rd2 Rec8 31. a5 a6 32. f3 Ra7 33. Bf1 Rb7 34. Qc3 Rb5 35. Bxb5 cxb5 36. Kf2 Qc6 37. Qb3 Bf5 38. g4 Bg6 39. d5 Qe8 40. Kg3 Kh8 41. c6 exd5 42. c7 f6 43. exf6 Qe1+ 44. Rf2 Qg1+ 45. Rg2 Qe1+ 46. Kh3 Qe6 47. fxg7+ Kxg7 48. Qb2+ Kh7 49. Qe5 Qf7 50. f4 Re8 51. Qd4 h5 52. Be5 hxg4+ 53. Kg3 Bf5 54. Rd2 Be4 55. Kf2 Qh5 56. Ke1 Qh4+ 57. Rf2 Qe7 58. Qc3 Bf5 59. Rd2 Be6 60. Kd1 Kg8 61. Kc1 Qh7 62. Qc6 Qf7 63. Qxa6 b4 64. Qd6 b3 65. Kb2 Qf5 66. Qd8 Kf7 67. Qd6 Qe4 68. a6 Kg6 69. c8Q Kf7 1-0

[Event "NATO-ch 29th"]
[Site "Lubbock"]
[Date "2018.06.05"]
[Round "3"]
[White "Pavlidis, Anastasios"]
[Black "Hansen, Stefan"]
[Result "1-0"]
[WhiteElo "2357"]
[BlackElo "2047"]
[PlyCount "59"]
[EventDate "2018.06.04"]
[EventType "swiss"]
[EventRounds "7"]
[EventCountry "USA"]
[SourceTitle "EXT 2019"]
[Source "ChessBase"]
[SourceDate "2018.10.10"]
[SourceVersion "1"]
[SourceVersionDate "2018.10.10"]
[SourceQuality "1"]

1. d4 d5 2. c4 e6 3. Nc3 c5 4. cxd5 exd5 5. Nf3 Nc6 6. dxc5 d4 7. Na4 Bxc5 8. Nxc5 Qa5+ 9. Bd2 Qxc5 10. g3 Nge7 11. Bg2 0-0 12. 0-0 Re8 13. Ng5 Qb6 14. b4 h6 15. Ne4 Be6 16. a4 Rad8 17. Qb1 Nd5 18. Rc1 Bf5 19. Nf6+ Nxf6 20. Qxf5 Rxe2 21. a5 Qc7 22. Qd3 Qe5 23. a6 Nxb4 24. Bxb4 bxa6 25. Rc5 Qe8 26. Rxa6 Ng4 27. Bf3 Re1+ 28. Bxe1 Qxe1+ 29. Qf1 Qb4 30. Rb5 1-0

[Event "DEN-chT 1415 53rd"]
[Site "Denmark"]
[Date "2014.10.25"]
[Round "1.7"]
[White "Christensen, Stefan"]
[Black "Hansen, Stefan"]
[Result "1-0"]
[WhiteElo "2258"]
[BlackElo "2102"]
[PlyCount "103"]
[EventDate "2014.10.25"]
[EventType "team-tourn"]
[EventRounds "9"]
[EventCountry "DEN"]
[SourceTitle "EXT 2016"]
[Source "ChessBase"]
[SourceDate "2015.10.08"]
[SourceVersion "1"]
[SourceVersionDate "2015.10.08"]
[SourceQuality "1"]
[WhiteTeam "Jetsmark"]
[BlackTeam "Esbjerg"]
[WhiteTeamCountry "DEN"]
[BlackTeamCountry "DEN"]

1. e4 c6 2. d4 d5 3. Nc3 dxe4 4. Nxe4 Bf5 5. Ng3 Bg6 6. h4 h6 7. Nf3 Nd7 8. h5 Bh7 9. Bd3 Bxd3 10. Qxd3 e6 11. Bd2 Ngf6 12. 0-0-0 Be7 13. Kb1 0-0 14. Ne4 Nxe4 15. Qxe4 Nf6 16. Qe2 Qd5 17. Ne5 Qe4 18. Qxe4 Nxe4 19. Be1 Rad8 20. f3 Nf6 21. c4 c5 22. Bc3 Bd6 23. dxc5 Bxc5 24. g4 Be3 25. Kc2 Bf4 26. Rxd8 Rxd8 27. Rd1 Rxd1 28. Kxd1 Ne8 29. Ke2 f6 30. Ng6 Bc7 31. Kd3 Kf7 32. b4 Nd6 33. a4 Nc8 34. b5 Ne7 35. Nxe7 Kxe7 36. Ke4 Kf7 37. Bd2 Ke7 38. Be3 a6 39. Bc5+ Kf7 40. Ba3 g6 41. bxa6 bxa6 42. Kd4 f5 43. Kc5 gxh5 44. gxh5 Kf6 45. Kc6 Bf4 46. c5 e5 47. Kd5 Kg5 48. c6 e4 49. fxe4 fxe4 50. Bc1 Bxc1 51. c7 e3 52. c8Q 1-0

[Event "NATO-ch 25th"]
[Site "Quebec"]
[Date "2014.09.09"]
[Round "3"]
[White "Hansen, Stefan"]
[Black "Koopmeiners, Karl"]
[Result "1/2-1/2"]
[WhiteElo "2102"]
[BlackElo "2023"]
[PlyCount "69"]
[EventDate "2014.09.08"]
[EventType "team-swiss"]
[EventRounds "7"]
[EventCountry "CAN"]
[SourceTitle "EXT 2015"]
[Source "ChessBase"]
[SourceDate "2014.11.20"]
[SourceVersion "1"]
[SourceVersionDate "2014.11.20"]
[SourceQuality "1"]
[WhiteTeam "Denmark"]
[BlackTeam "NATO II"]
[WhiteTeamCountry "DEN"]

1. d4 d5 2. c4 c6 3. Nc3 Nf6 4. cxd5 cxd5 5. Bf4 Nc6 6. e3 a6 7. Bd3 e6 8. Rc1 Be7 9. Nf3 0-0 10. 0-0 Nh5 11. Ne5 Nxf4 12. Nxc6 bxc6 13. exf4 g6 14. Na4 Qd6 15. g3 Bf6 16. Bb1 Bd7 17. Nc5 Rfb8 18. Qd2 Rb6 19. Rfd1 Bc8 20. Qc3 Qb8 21. b3 a5 22. Bd3 Be7 23. Bf1 Bxc5 24. dxc5 Rb4 25. Rd4 Ba6 26. Bxa6 Rxa6 27. f3 Ra7 28. Kf2 Rab7 29. Rxb4 axb4 30. Qe5 Qxe5 31. fxe5 Ra7 32. Rc2 f5 33. h4 Kg7 34. Ke3 Kh6 35. Kf4 1/2-1/2

[Event "NATO-ch 25th"]
[Site "Quebec"]
[Date "2014.09.08"]
[Round "1"]
[White "Hansen, Stefan"]
[Black "Lambruschini, Alex"]
[Result "1-0"]
[WhiteElo "2102"]
[BlackElo "1928"]
[PlyCount "61"]
[EventDate "2014.09.08"]
[EventType "team-swiss"]
[EventRounds "7"]
[EventCountry "CAN"]
[SourceTitle "EXT 2015"]
[Source "ChessBase"]
[SourceDate "2014.11.20"]
[SourceVersion "1"]
[SourceVersionDate "2014.11.20"]
[SourceQuality "1"]
[WhiteTeam "Denmark"]
[BlackTeam "Canada"]
[WhiteTeamCountry "DEN"]
[BlackTeamCountry "CAN"]

1. d4 Nf6 2. c4 e6 3. Nc3 Bb4 4. Qc2 0-0 5. a3 Bxc3+ 6. Qxc3 d5 7. e3 Ne4 8. Qc2 f5 9. Nf3 Nd7 10. Bd3 c6 11. b3 a6 12. Bb2 b5 13. 0-0 bxc4 14. bxc4 a5 15. a4 Ba6 16. Ba3 Rf6 17. Rfd1 Rh6 18. cxd5 Bxd3 19. Rxd3 exd5 20. Rb1 g5 21. Nd2 g4 22. Nf1 Qg5 23. Rb7 Rd8 24. Rdb3 f4 25. exf4 Qxf4 26. Be7 Rf8 27. Rxd7 Nxf2 28. Bxf8 g3 29. Rxg3+ Ng4 30. Rxg4+ Qxg4 31. Rg7+ 1-0

[Event "NATO-ch 24th"]
[Site "Rynia"]
[Date "2013.08.13"]
[Round "3"]
[White "Wantiez, Fabrice"]
[Black "Hansen, Stefan"]
[Result "0-1"]
[WhiteElo "2279"]
[BlackElo "2099"]
[PlyCount "56"]
[EventDate "2013.08.12"]
[EventType "swiss"]
[EventRounds "7"]
[EventCountry "POL"]
[SourceTitle "CBM 156 Extra"]
[Source "ChessBase"]
[SourceDate "2013.10.22"]
[SourceVersion "1"]
[SourceVersionDate "2013.10.22"]
[SourceQuality "1"]

1. e4 c6 2. Nc3 d5 3. Nf3 Bg4 4. h3 Bxf3 5. Qxf3 e6 6. d3 Nd7 7. Qg3 dxe4 8. Nxe4 Ndf6 9. Bd2 Nxe4 10. dxe4 Nf6 11. Bd3 Qb6 12. 0-0 0-0-0 13. Qf3 Qc7 14. b4 Bd6 15. Rab1 h5 16. Rfe1 Be5 17. Rb3 Rdg8 18. Be3 g5 19. Bxa7 g4 20. hxg4 Nxg4 21. a4 Rg6 22. a5 Rhg8 23. Bb6 Qe7 24. Bf1 Qh4 25. Qh3 Bh2+ 26. Kh1 Nxf2+ 27. Bxf2 Qxf2 28. Rd1 Qg1# 0-1

[Event "NATO-ch 23nd"]
[Site "Brest"]
[Date "2012.10.03"]
[Round "4"]
[White "Hansen, Stefan"]
[Black "Portman, Carl S"]
[Result "0-1"]
[WhiteElo "2062"]
[BlackElo "1994"]
[PlyCount "71"]
[EventDate "2012.10.01"]
[EventType "swiss"]
[EventRounds "7"]
[EventCountry "FRA"]
[SourceTitle "CBM 150 Extra"]
[Source "ChessBase"]
[SourceDate "2012.10.19"]
[SourceVersion "1"]
[SourceVersionDate "2012.10.19"]
[SourceQuality "1"]

1. d4 d5 2. c4 c6 3. Nf3 Nf6 4. e3 Bf5 5. b3 e6 6. Nbd2 Nbd7 7. Be2 Bd6 8. Nh4 Bg6 9. Bb2 a5 10. 0-0 Qb8 11. f4 Ne4 12. Nxg6 hxg6 13. Nf3 Qd8 14. Bd3 Ndf6 15. Ne5 Qe7 16. Rc1 Bb4 17. Rc2 Nd7 18. Nxd7 Kxd7 19. Bxe4 dxe4 20. Qe2 Qh4 21. g3 Qh5 22. Qg2 f5 23. c5 a4 24. Rc4 Ba5 25. Rxa4 Bc7 26. Rxa8 Rxa8 27. a3 g5 28. Re1 gxf4 29. gxf4 Rg8 30. Qg5 Qh7 31. d5 cxd5 32. Re2 Bd8 33. Qg2 g5 34. Kf1 gxf4 35. Qf2 Qh3+ 36. Qg2 0-1

[Event "NATO-ch 23nd"]
[Site "Brest"]
[Date "2012.10.02"]
[Round "3"]
[White "Giua, Frederic"]
[Black "Hansen, Stefan"]
[Result "1-0"]
[WhiteElo "2237"]
[BlackElo "2062"]
[PlyCount "57"]
[EventDate "2012.10.01"]
[EventType "swiss"]
[EventRounds "7"]
[EventCountry "FRA"]
[SourceTitle "CBM 150 Extra"]
[Source "ChessBase"]
[SourceDate "2012.10.19"]
[SourceVersion "1"]
[SourceVersionDate "2012.10.19"]
[SourceQuality "1"]

1. Nf3 d5 2. c4 c6 3. e3 Nf6 4. Nc3 g6 5. Be2 Bg7 6. 0-0 0-0 7. d4 Nbd7 8. cxd5 cxd5 9. Qb3 e6 10. Bd2 Qb6 11. Qc2 Rd8 12. Rfc1 Nb8 13. Ne5 Bd7 14. Nxd7 Nfxd7 15. Na4 Qd6 16. Qb3 Nb6 17. Bb4 Qd7 18. Nc5 Qe8 19. Nxb7 Rc8 20. Nd6 Rxc1+ 21. Rxc1 Qd8 22. Nb7 Qd7 23. Nc5 Qd8 24. Ba5 N8d7 25. Bb5 Rc8 26. Bxd7 Qxd7 27. Bxb6 axb6 28. Qxb6 Qa4 29. Qd8+ 1-0